|
|
|
|
| LEADER |
01060nam a2200241 a 4500 |
| 001 |
GR-Patra25771 |
| 003 |
GR-PaULI |
| 005 |
20240222110851.0 |
| 008 |
000425s1998 gr a g b 001 b eng d |
| 020 |
|
|
|a 0792349830
|
| 040 |
|
|
|a GR-PaULI
|b gre
|c GR-PaULI
|e AACR2
|
| 082 |
0 |
4 |
|a 511.5
|2 23
|
| 100 |
1 |
|
|a Cieslik, Dietmar
|e συγγραφέας.
|9 68509
|
| 245 |
1 |
0 |
|a Steiner minimal trees /
|c by Dietmar Cieslik.
|
| 260 |
|
|
|a Dordrecht :
|b Kluwer Academic,
|c c1998.
|
| 300 |
|
|
|a xi, 319 σ. :
|b εικ. ;
|c 24 εκ.
|
| 490 |
1 |
|
|a Nonconvex optimization and its applications ;
|v 23
|
| 504 |
|
|
|a Περιλαμβάνει βιβλιογραφικές παραπομπές και ευρετήριο.
|
| 650 |
|
4 |
|a Λογική, Συμβολική και μαθηματική
|9 472
|
| 830 |
|
|
|a Nonconvex optimization and its applications
|v 23
|9 179618
|
| 942 |
|
|
|2 ddc
|c BK
|
| 952 |
|
|
|0 0
|1 0
|2 ddc
|4 0
|6 511_500000000000000_CIE
|7 0
|9 307894
|a LISP
|b LISP
|c BSC
|d 2021-01-17
|e
|f
|i 40917
|l 0
|o 511.5 CIE
|p 025000307645
|r 2021-01-17 00:00:00
|t 1
|w 0000-00-00
|y BK15
|x
|x
|
| 999 |
|
|
|c 177584
|d 177584
|